000 00494nam a2200181Ia 4500
005 20250326141854.0
008 250326s9999 xx 000 0 und d
037 _aTextbook
040 _aFMSL
_beng
_cFMSL
041 _aeng
_2eng
084 _aX:89Q8G M9
_qFMSL
100 _aJuran J M
245 0 _aJuran on leadership for quality: excutive handbook
_cJuran J M
260 _aNY
_bNY, Free
_c1989
300 _a383p
942 _cTB
_hX:89Q8G M9
999 _c1292379
_d1292379